00895cam a2200241 a 4500008004100000020002200041245010100063250001200164260004000176300003500216504004200251500013400293500002000427650002700447650004400474650004100518700002500559700002100584700002100605003000100626005001700627040000900644  a0397511523 (hbk.)00aFractures in children /cedited by Charles A. Rockwood, Jr. Kaye Wilkins and Richard E. Wilkins. a3rd ed. aPhiladelphia :bLippincott,cc1984. axxii, 1500 p. :bill. ;c26cm. aIncludes bibliographical references.  aVolumes 1 and 2 published separately as :Fractures in adults edited by Charles A.Rockwood, David P. Green and Robert W. Bucholz.  aIncludes index. 0aFractures in children. 2aDislocationsxIn infancy and childhood. 2aFracturesxIn infancy and childhood.1 aRockwood, Charles A.1 aWilkins, Kaye E.1 aKing, Richard E.20230120204043.0 cNUST